000 00748cam a22002294a 4500
001 11831668
005 20180314051736.0
008 991102s1999 nyua b 001 0 eng
010 _a 99461798
040 _aDLC
_cDLC
_dDLC
041 _aeng
042 _apcc
080 _a616.852706 BUR
082 0 0 _a616.852706 BUR
_221
100 1 _a4
101 _aSHM
245 1 0 _aFeeling good :
_cDavid D. Burns ; preface by Aaron T. Beck.
504 _aIncludes bibliographical references (p. 682-691) and index.
906 _a7
_bcbc
_corigcop
_d2
_encip
_f19
_gy-gencatlg
942 _2ddc
_cBK
999 _c44980
_d44980